Tecnología de la fabricación de piensos compuestos / (Record no. 144626)

MARC details
000 -LEADER
campo de control de longitud fija 00636nam a2200193 4500
001 - NÚMERO DE CONTROL
campo de control 144626
003 - IDENTIFICADOR DE NÚMERO DE CONTROL
campo de control ES-MaACL
005 - FECHA Y HORA DE LA ÚLTIMA TRANSACCIÓN
campo de control 20230906201048.0
007 - CAMPO FIJO DE DESCRIPCIÓN FÍSICA--INFORMACIÓN GENERAL
campo de control de longitud fija t|
008 - DATOS DE LONGITUD FIJA--INFORMACIÓN GENERAL
campo de control de longitud fija 070214s1965 sp r ||||1| spa d
080 ## - NÚMERO DE LA CLASIFICACIÓN DECIMAL UNIVERSAL
Número de la Clasificación Decimal Universal 636.087
100 1# - ENTRADA PRINCIPAL--NOMBRE DE PERSONA
Nombre de persona Simmons, N. O.
9 (RLIN) 106492
245 10 - MENCIÓN DEL TÍTULO
Título Tecnología de la fabricación de piensos compuestos /
Mención de responsabilidad, etc. N. O. Simmons ; traducción de Manuel Pino Salgado.
260 ## - PUBLICACIÓN, DISTRIBUCIÓN, ETC.
Lugar de publicación, distribución, etc. Zaragoza :
Nombre del editor, distribuidor, etc. Acribia,
Fecha de publicación, distribución, etc. 1965.
300 ## - DESCRIPCIÓN FÍSICA
Extensión XXVIII, 410 p., 54 lám. :
Otras características físicas il. ;
Dimensiones 24 cm.
650 #4 - PUNTO DE ACCESO ADICIONAL DE MATERIA--TÉRMINO DE MATERIA
Término de materia o nombre geográfico como elemento de entrada Piensos compuestos-
Subdivisión general Fabricación.
9 (RLIN) 144032
700 1# - ENTRADA AGREGADA--NOMBRE PERSONAL
Nombre de persona Pino Salgado, Manuel.
9 (RLIN) 92182
852 ## - LOCALIZACIÓN
Ubicación ES-MaACL
Número de control de estantería C-28984
Sublocalización o colección R.58394
Holdings
Estatus retirado Estado de pérdida Estado de daño No para préstamo Biblioteca de origen Biblioteca actual Ubicación en estantería Fecha de adquisición Fuente de adquisición Total de préstamos Signatura topográfica completa Código de barras Visto por última vez Precio de reemplazo Tipo de ítem Koha
        Biblioteca del Ateneo de Madrid Biblioteca del Ateneo de Madrid Depósito 2 17/01/2008     C-28984 1150683 23/02/2023 23/02/2023 Libro impreso